MONETORY THEORY AND FISCAL POLICY (Record no. 582438)
[ view plain ]
| 000 -LEADER | |
|---|---|
| fixed length control field | 00255nam a22001097a 4500 |
| 082 ## - DEWEY DECIMAL CLASSIFICATION NUMBER | |
| Classification number | 336.3 HAN'M |
| 100 ## - MAIN ENTRY--PERSONAL NAME | |
| Personal name | HASEN, ALVIN H |
| 9 (RLIN) | 77112 |
| 245 ## - TITLE STATEMENT | |
| Title | MONETORY THEORY AND FISCAL POLICY |
| 260 ## - PUBLICATION, DISTRIBUTION, ETC. | |
| Place of publication, distribution, etc. | TOKYO |
| Name of publisher, distributor, etc. | MCGRAW HILL |
| Date of publication, distribution, etc. | 1949 |
| 300 ## - PHYSICAL DESCRIPTION | |
| Extent | 236P |
| 942 ## - ADDED ENTRY ELEMENTS (KOHA) | |
| Koha item type | Book |
| Withdrawn status | Lost status | Damaged status | Not for loan | Permanent Location | Current Location | Shelving location | Date acquired | Total Checkouts | Full call number | Barcode | Date last seen | Price effective from | Koha item type |
|---|---|---|---|---|---|---|---|---|---|---|---|---|---|
| College of Electrical & Mechanical Engineering (CEME) | College of Electrical & Mechanical Engineering (CEME) | General Stacks | 06/05/2017 | 336.3 HAN'M | CEME-10305 | 06/28/2021 | 06/28/2021 | Book | |||||
| College of Electrical & Mechanical Engineering (CEME) | College of Electrical & Mechanical Engineering (CEME) | General Stacks | 06/05/2017 | 336.3 HAN'M | CEME-10306 | 06/28/2021 | 06/28/2021 | Book |
